000
00306nam a2200109Ia 4500
008
200302s9999 xx 000 0 und d
100
_a
Michael Dewe
245
_a
Planning and Designing Libraries for Children and Young People
260
_b
Library Association Publishing
260
_c
1995
300
_a
227 P.,
999
_c
2170
_d
2170